000 00336nam a2200133Ia 4500
008 240624s9999 xx 000 0 und d
041 _aeng
082 _a954 VER
100 _aVERMA SOM PRAKASH
245 _aTAJ MAHAL MONUMENTAL LEGACY
260 _c2012
_aNew Delhi
_bOxford
300 _axii, : 107 : p. : cm. ; 22
365 _cRS
_b32
999 _c18887
_d18887